00538nam a22001697a 450000500170000001000130001702000130003003500130004303700170005608200080007310000420008124500670012324600510019026000470024127000570028830000230034520191203153234.0 aA-304736 c25.00a- aA-304736 bBPPD/Pub.a- a270 aا بو ا لکلا م آ ز ا د  aمسلہء خلا فت cا بو ا لکلا م آ ز ا د  bMaslaye Khilafat (Urdu)aby Abul Kalam Aazad  aN. DelhibAtaqad Publishing Housec1987 ء a1491,Kotana Street Sui Walan,bN.Delhie110002k-l- a334 ص c22 Cm(Hb)